| 000 | 00374pab a2200145 454500 | ||
|---|---|---|---|
| 008 | 180718b1987 xxu||||| |||| 00| 0 eng d | ||
| 100 | _aWise, David | ||
| 245 | _aValue for money in 1987 - the year for zero based budgets | ||
| 260 | _c1987 | ||
| 300 | _a8,10 | ||
| 362 | _a6 Feb. | ||
| 650 | _aMoney | ||
| 773 | _aLocal Government Chronicle (Supplement) | ||
| 909 | _a13691 | ||
| 999 |
_c13691 _d13691 |
||